Do you know who said this quotes in Harry Potter ? - Statistics

General Stats
  • This quiz has been taken 76 times
  • The average score is 19 of 25
Answer Stats
Quotes Character % Correct
"But I am the Chosen One." Harry Potter
95%
"But you know, happiness can be found even in the darkest of times, if one only remembers to turn on the light." Albus Dumbledore
92%
"I hope you're pleased with yourselves. We could all have been killed or worse, expelled. Now if you don't mind, I'm going to bed." Hermione Granger
89%
"Not my daughter, you b*tch!" Molly Weasley
89%
"Yer a wizard Harry." Rubeus Hagrid
89%
"It's true, then. What they're saying on the train. Harry Potter has come to Hogwarts." Draco Malfoy
85%
"Of course it is happening inside your head, Harry, but why on earth should that mean that it is not real?" Albus Dumbledore
84%
"Dobby is free." Dobby
84%
"Honestly, am I the only person who's ever bothered to read 'Hogwarts: A History?'" Hermione Granger
82%
"Why is it allways you three." Minerva McGonagall
82%
"SCARED, POTTER?" Draco Malfoy
81%
"You're a little scary sometimes, you know that? Brilliant ... but scary." Ron Weasley
81%
"You'll never know love, or friendship. And I feel sorry for you." Harry Potter
79%
"I'm not going home. Not really." Harry Potter
74%
"You need us Harry." Hermione Granger
74%
"I've always wanted to use that spell." Minerva McGonagall
73%
"We’ve all got both light and dark inside us. What matters is the part we choose to act on. That’s who we really are." Sirius Black
73%
"Excuse Me, Professor, Perhaps I Heard You Wrong. I Thought You Said The Four Of Us." Draco Malfoy
71%
"You’re just as sane as I am." Luna Lovegood
71%
"Hearing voices no one else can hear isn’t a good sign, even in the wizarding world." Ron Weasley
69%
"It is not our abilities that show what we truly are. It is our choices." Albus Dumbledore
63%
"It matters not what someone is born, but what they grow to be." Albus Dumbledore
61%
"Soon we must all face the choice between what is right and what is easy." Albus Dumbledore
58%
"I think I'll just go down and have some pudding and wait for it all to turn up — it always does in the end." Luna Lovegood
58%
"That felt good." Hermione Granger
52%
No matching quizzes found
Score Distribution
Percent of People with Each Score
Percentile by Number Answered
Your Score History
You have not taken this quiz